Homenaje a Ramón Vinyes, en Berga
Publicado:
San Jorge, núm. 88 (4t trimestre 1972), pàg 79 :
MARC
| LEADER | 00000nam a2200000Ia 4500 | ||
|---|---|---|---|
| 001 | |||
| 008 | 160829s9999 xx 000 0 cat d | ||
| 245 | |a Homenaje a Ramón Vinyes, en Berga | ||
| 260 | |a San Jorge, núm. 88 (4t trimestre 1972), pàg 79 | ||
| 600 | 1 | 0 | |a Vinyes, Ramon, |d 1882-1952 |9 71571 |
| 610 | 2 | 0 | |a Institut del Teatre (Barcelona, Catalunya) |v Revistes |9 55971 |
| 650 | |a Homenatges |x Berga |9 41821 | ||
| 901 | |a Arxiu | ||
| 942 | |n 1 | ||
| 952 | |0 0 |1 0 |4 0 |7 1 |9 50493 |a Arxiu |b Arxiu |d 2016-12-01 |l 0 |r 2016-12-01 00:00:00 |w 2016-12-01 |y ARXIU | ||
| 999 | |c 54335 |d 54335 | ||